20 państw świata z najdłuższą siecią kolejową na świecie - Statystyki

Ogólne statystyki
  • Ten quiz został rozwiązany 38 razy
  • Średni wynik to 19 z 20
Statystyki odpowiedzi
Długość sieci Kontynent Państwo % Poprawnych
36 966 Ameryka Płd Argentyna
100%
32 924 Oceania Australia
100%
29 817 Ameryka Płd Brazylia
100%
159 000 Azja Chiny
100%
27 483 Europa Francja
100%
49 422 Ameryka Płn Kanada
100%
33 351 Europa Niemcy
100%
105 000 Europa Rosja
100%
220 044 Ameryka Płn USA
100%
24 567 Europa Włochy
100%
16 355 Europa Hiszpania
97%
69 734 Azja Indie
97%
27 311 Azja Japonia
97%
23 389 Ameryka Płn Meksyk
97%
19 576 Europa Polska
97%
16 179 Europa Wielka Brytania
97%
20 953 Afryka RPA
95%
19 787 Europa Ukraina
86%
20 077 Europa Rumunia
81%
16 998 Azja Iran
65%
Nie znaleziono quizów pasujących do podanych kryteriów
Rozkład punktacji
Procent ludzi z każdym wynikiem
Percentyl według liczby udzielonych odpowiedzi
Twoja historia wyników
Nie rozwiązałeś tego quizu